| 000 | 00817nam a22002297a 4500 | ||
|---|---|---|---|
| 003 | dpl | ||
| 005 | 20180618132733.0 | ||
| 008 | 180618b xxu||||| |||| 00| 0 eng d | ||
| 010 | _aA-435891 | ||
| 020 | _c20.00 | ||
| 035 | _aA-435891 | ||
| 037 | _bBPPD/PUB | ||
| 040 | _c0 | ||
| 082 | 1 | 4 | _a615.53 |
| 100 | 1 | _aChoudhury Harimohon | |
| 245 | 1 |
_a50 Millesimal potency in theory and practice: _cby Harimohon Choudhury _bits importance, speciality, preparation and administration with case records/ |
|
| 250 | _a1990 3rd ed. | ||
| 260 |
_aNew Delhi _bB. Jain Publishers (P) Ltd. _c1990 |
||
| 270 |
_a1921 Chuna Nandi street 10th paharganj post box 5775 _bNew Delhi _c110 055 _mlancer@lancerpublishers.com |
||
| 300 |
_axx, 101 p. _c20cm (Hb) |
||
| 942 |
_adpl _cEN _k615.53 / SIN _2ddc _h615.53 _mCHO |
||
| 999 |
_c152780 _d152780 |
||